Регионална библиотека "Любен Каравелов" - Русе

Орджоникидзе (Запис номер 461908)

MARC детайли
000 -Лидер
Контролно поле с фиксирана дължина nam a22 a 4500
003 - Код на организацията, давaща контролен номер
Контролно поле BLK
005 - Дата и час на последна редакция
Контролно поле 20220617110544.0
008 - Елементи от данни с фиксирана дължина
fixed length control field 180411b bul|||||r ||||||| ||bul||
040 ## - Източник на каталожния запис
Идентификатор на билиотеката - собственик на записа BLK
041 ## - Код за език
Код за езика на текст/звукозапис или на отделно заглавие Български
Код за езика КДБФ Български
080 ## - УДК
Текстов определител УДК Комунистически партии. Вж и 327.323
УДК код - определител по УДК 329.15
УДК - код + определител 329.15(47+57)
УДК определител (47+57)
080 ## - УДК
Текстов определител УДК Грузински революционер
УДК код - определител по УДК 929 Орджоникидзе, Григории Константинович
УДК - код + определител 929 Орджоникидзе, Григории Константинович
100 ## - Редна дума - Автор
Автор Дубински-Мухадзе, И. М.
Авторска отговорност първи автор
R(LIN) 476475
139 ## - Редно поле
Редна дума Дубински-Мухадзе, И. М.
245 ## - Сведения за заглавието
Заглавие Орджоникидзе
Подзаглавни данни Биография
Редно поле (дума) И. Дубински-Мухадзе, Прев. Магдалена Атанасова
257 ## - Страна на издаване
Страна на създаване/издаване СССР
260 ## - Област на издателските данни
Място на издаване, разпространение и проч. София
Име на издателя, разпространителя и проч. БКП
Година на издаване 1968
9 (RLIN) 212206
Печатница София : Д. Благоев
300 ## - Физическа характеристика
Страници 376 с.
Илюстрации и др. с портр. и ил.
Размери/Мащаб 21 см
380 ## - Жанр
Жанр История
500 ## - Общи забележки
Забележка 4100 тир.
600 #0 - Име на лице, използвано като предмет
9 (RLIN) 443361
За него / За нея Орджоникидзе, Григорий Константинович
650 #0 - Допълнително описание по предмет – тема
Основно описание – тема или топоним Комунистически партии - Русия
9 (RLIN) 246680
653 #7 - Ключова дума – ненормативна
Ключова дума биографии
9 (RLIN) 181990
653 #0 - Ключова дума – ненормативна
Ключова дума партийни дейци
9 (RLIN) 474406
700 ## - Други автори (авторска отговорност)
9 (RLIN) 368678
Лично име Атанасова, Магдалена
Автороска отговорност (Описва отношението между автора и произведението) прев. от рус.
852 ## - Местоположение
Форматна сигнатура Цб 46176
Фондова буква Хранилище
856 4# - Електронен адрес и достъп
Електронен формат pdf - файл
856 4# - Електронен адрес и достъп
Електронен формат pdf - файл
999 ## - СИСТЕМНИ КОНТРОЛНИ НОМЕРА
Koha biblionumber 461908
Koha biblioitemnumber 461908
942 ## - АРТИКУЛИ
Вид на библиотечния материал Книги
Скрит в OPAC Не
Периодичен библиозапис Да
944 ## - СЪЗДАВАНЕ И РЕДАКЦИЯ на ЗАПИСА
Създаване/Редакция Създаване
Дата на регистрацията/редакция 2022-06-17
Служител, извършил регистрацията/редакцията ир
Наличности
Код за отписване Код за изгубен артикул Източник на класификационната схема Код за повреда Коз за рестрикции Код за отдаване Артикулен № Име на библиотеката - собственик Име на библиотеката, в която се намира в момента Статус (Текущо местоположение) Дата на вписване в системата Местоположение - отдел Цена в лева Инвентарен номер Систематично азбучна сигнатура Баркод Цена в евро Служебен тип на артикула
  Не е изгубен Universal Decimal Classification Не е повреден само за читалня ползва се в читалня 892305 Регионална библиотека "Любен Каравелов" Русе Регионална библиотека "Любен Каравелов" Русе Хранилище 2022-06-28 Хранилище 1.96 11411/68 Цб 46176 900000101236 1.00 Книги
Vip Innovations Ltd, Rousse, Bulgaria 2025